000 01013nam a2200289Ia 4500
001 6625
003 IT-RoPAU
008 130308s9999 xx 000 0 und d
040 _aIT-RoPAU
040 _cIT-RoPAU
041 _aINGLESE
100 _aHeffernan Bernard
100 _gCodice Aut. SPICS: 5559
245 _aFuture vision of the Christian Mass Media Mission
245 _bFuture Vision Of The Christian Mass Media Mission
250 _a1a ed.
260 _bs.e. (senza Editrice o non identificata)
260 _c1972 [1° Ed.:1972 - Ed.Ling.Originale:1972]
300 _a"82 p. (prefazione: 6; testo: 76)"
500 _aMissione Cristiana dei Mass Media mutamenti di Cultura Espansione delle Comunità nella Chiesa Possibilità di Programmazione Culturale Giornali cattolici in Usa Liturgia Elettronica Decreto Inter Mirifica
650 _aSAGGI PASTORALE COMUNICAZIONE SOCIALE
650 _eCodice materia Spics: 9311
942 _cBK
957 _71
999 _c76115
_d76115
999 _bSI
999 _g1